000 00590nam a2200145 a 4500
001 000038352
005 20201002031233.0
008 130409s2008 dr 000 0 spa d
040 _aDO-SdBNP
_bspa
_cBNPHU
110 1 _aRepública Dominicana
_b[Leyes, etc.]
_911088
245 1 0 _aReglamento ley 57-07 de incentivos a las energias renovables y sus regímenes especiales.
246 1 4 _aReglamento ley 57-07 incentivo al desarrollo de las energías renovables:
_breglamento decreto 202-08
260 _aSanto Domingo :
_bComisión Nacional de Energía (CNE),
_c2008.
300 _a223 p. ;
_c24 cm.
999 _c37842
_d37842